000 02243nam0a2200385 4500
001 RU\NLR\BIBL_A\022763616
005 20260615151737.0
010 _a978-5-00261-707-4
_9500
021 _aRU
_bКН-П-26-004659
_9КН-П-26-0440
035 _a(NLR Aleph) 022763616
090 _a13731776
_c13731776
100 _a20260323d2025 u y0rusy50 ca
101 0 _arus
102 _aRU
105 _aa j 000yy
181 0 _ai
_baxxe
182 0 _an
200 1 _aНейрофитнес и восточные оздоровительные гимнастики в системе физического воспитания вузов
_eучебное пособие
_fО. Л. Постол, В. В. Орлов, А. Е. Алимжанов
203 _aТекст
_bвизуальный
_cнепосредственный
210 _aКурск
_cУниверситетская книга
_d2025
215 _a127 с.
_cил.
_d21
320 _aБиблиогр.: с. 125–127 (21 назв.)
606 1 _aГимнастика
_jУчебные издания для высших учебных заведений
_xОбучение
_xВысшая школа
_91461121
_3RU\NLR\AUTH\66310392
606 1 _aОздоровительная физическая культура
_jУчебные издания для высших учебных заведений
_xВысшая школа
_92383989
_3RU\NLR\AUTH\6601642979
606 1 _aСтуденты
_jУчебные издания для высших учебных заведений
_xЗдоровье
_xВлияние гимнастики
_92713300
_3RU\NLR\AUTH\6601771878
686 1 _aЧ511.153.18я73
686 1 _aЧ486.73-1гимнастика.я73
686 1 _aР124.61я73
700 1 _aПостол
_bО. Л.
_gОльга Львовна
701 1 _7ca
_8rus
_aОрлов
_bВ. В.
_cканд. пед. наук, физ. воспитание
_gВладимир Владимирович
_948500
_3RU\NLR\AUTH\7765571
701 1 _aАлимжанов
_bА. Е.
_cканд. пед. наук, физ. воспитание
_gАслан Есембаевич
_92710547
_3RU\NLR\AUTH\770294044
942 _cBOOK
980 _aNB